[Event "Artemisa Province-ch final"]
[Site "Artemisa"]
[Date "2018.10.24"]
[Round "2"]
[White "Collazo Collazo, Joel"]
[Black "Santander Valle, David A"]
[Result "0-1"]
[WhiteElo "2038"]
[BlackElo "2018"]
[PlyCount "170"]
[EventDate "2018.10.23"]
[EventType "tourn"]
[EventRounds "10"]
[EventCountry "CUB"]
[SourceTitle "EXT 2021"]
[Source "ChessBase"]
[SourceDate "2020.10.23"]
[SourceVersion "1"]
[SourceVersionDate "2020.10.23"]
[SourceQuality "1"]

1. Nf3 Nf6 2. c4 g6 3. b3 Bg7 4. Bb2 0-0 5. g3 d6 6. d4 Nbd7 7. Bg2 e5 8. dxe5 dxe5 9. 0-0 Re8 10. Nc3 c6 11. Ng5 Nc5 12. Nge4 Ncxe4 13. Nxe4 Nxe4 14. Bxe4 Bh3 15. Qxd8 Raxd8 16. Rfd1 Bg4 17. Kf1 f6 18. Bc3 Kf7 19. Ba5 Rd4 20. Bc2 Bf8 21. Bc3 Rdd8 22. f3 Bh3+ 23. Kf2 h5 24. e3 Be6 25. a4 Bd6 26. h4 Rd7 27. Rd2 Red8 28. Rad1 f5 29. Ba5 b6 30. Bc3 a6 31. Bb1 a5 32. Bc2 Ke7 33. Ke2 Bc7 34. Rxd7+ Bxd7 35. Rg1 Rb8 36. Ra1 Be6 37. Bd3 Rd8 38. Bc2 Kf7 39. Be1 Rb8 40. Bc3 Rd8 41. Be1 Rg8 42. Bf2 Bd8 43. f4 e4 44. Rd1 Bf6 45. Be1 Ke7 46. Bd2 Rd8 47. Bc1 Rxd1 48. Bxd1 Bc3 49. Bd2 Bb2 50. Bc2 Kd6 51. Kd1 Kc5 52. Be1 Bxc4 53. bxc4 Kxc4 54. Bb1 Kb3 55. Bc2+ Ka2 56. Bd2 Bf6 57. Kc1 Bb2+ 58. Kd1 Ka3 59. Bb1 c5 60. Kc2 Bf6 61. Bc1+ Kxa4 62. Ba2 b5 63. Bf7 c4 64. Bxg6 b4 65. Bxf5 b3+ 66. Kb1 c3 67. Bxe4 Kb4 68. Bg6 a4 69. Bd3 a3 70. Bxa3+ Kxa3 71. e4 Bd4 72. e5 Bf2 73. e6 Bc5 74. f5 Be7 75. Be4 Bf6 76. Bd3 Kb4 77. Be4 Kc5 78. Bf3 Kb4 79. Be4 Kc4 80. Kc1 Be7 81. g4 hxg4 82. h5 g3 83. h6 g2 84. Bxg2 Bg5+ 85. Kb1 c2+ 0-1